<?xml version="1.0" encoding="UTF-8"?><?xml-stylesheet type="text/xsl" href="static/style.xsl"?><OAI-PMH xmlns="http://www.openarchives.org/OAI/2.0/" xmlns:xsi="http://www.w3.org/2001/XMLSchema-instance" xsi:schemaLocation="http://www.openarchives.org/OAI/2.0/ http://www.openarchives.org/OAI/2.0/OAI-PMH.xsd"><responseDate>2026-04-17T01:03:21Z</responseDate><request verb="GetRecord" identifier="oai:www.recercat.cat:20.500.14226/2015" metadataPrefix="marc">https://recercat.cat/oai/request</request><GetRecord><record><header><identifier>oai:recercat.cat:20.500.14226/2015</identifier><datestamp>2026-01-15T12:11:48Z</datestamp><setSpec>com_2072_482492</setSpec><setSpec>com_2072_482491</setSpec><setSpec>com_2072_5211</setSpec><setSpec>col_2072_482495</setSpec></header><metadata><record xmlns="http://www.loc.gov/MARC21/slim" xmlns:dcterms="http://purl.org/dc/terms/" xmlns:xsi="http://www.w3.org/2001/XMLSchema-instance" xmlns:doc="http://www.lyncode.com/xoai" xsi:schemaLocation="http://www.loc.gov/MARC21/slim http://www.loc.gov/standards/marcxml/schema/MARC21slim.xsd">
   <leader>00925njm 22002777a 4500</leader>
   <datafield ind2=" " ind1=" " tag="042">
      <subfield code="a">dc</subfield>
   </datafield>
   <datafield ind2=" " ind1=" " tag="720">
      <subfield code="a">Cid Moliné, Josep</subfield>
      <subfield code="e">author</subfield>
   </datafield>
   <datafield ind2=" " ind1=" " tag="720">
      <subfield code="a">de la Encarnación Ordóñez, Esther</subfield>
      <subfield code="e">author</subfield>
   </datafield>
   <datafield ind2=" " ind1=" " tag="260">
      <subfield code="c">2024</subfield>
   </datafield>
   <datafield ind2=" " ind1=" " tag="520">
      <subfield code="a">L’objectiu de la recerca consisteix en analitzar la capacitat del tercer grau i de la llibertat condicional de contribuir al desistiment de la delinqüència i a la reinserció. Es parteix de quatre possibles explicacions que compten amb certa evidència empírica: la inserció laboral com a factor que genera vincles socials, la creació d’una aliança de treball entre el supervisor i l’usuari que promou la seva transformació cognitiva, la creació d’un vincle familiar i comunitari que reduiria la tensió del retorn i produiria reciprocitat moral i la vigilància que induiria  a l’autocontrol. Amb aquest objectiu s’ha dissenyat una recerca qualitativa, en la que s’ha entrevistat a 30 usuaris (homes i dones) de tercer grau i llibertat condicional i a 10 professionals. Els resultats mostren que efectivament el tercer grau es percebut com a punt d’inflexió pels participants
en la recerca i que els mecanismes que expliquen l’impacte positiu del tercer grau i de la llibertat condicional són dos: el suport professional que porta a la creació de vincles convencionals, en particular els vincles laborals, i la vigilància que es porta a terme durant el compliment en la comunitat de la pena de presó, el qual promou el compliment instrumental de la mesura i l’autocontrol.</subfield>
   </datafield>
   <datafield ind1="8" ind2=" " tag="024">
      <subfield code="a">https://hdl.handle.net/20.500.14226/2015</subfield>
   </datafield>
   <datafield tag="653" ind2=" " ind1=" ">
      <subfield code="a">Dret penal penitenciari</subfield>
   </datafield>
   <datafield tag="653" ind2=" " ind1=" ">
      <subfield code="a">Tercer grau</subfield>
   </datafield>
   <datafield tag="653" ind2=" " ind1=" ">
      <subfield code="a">Reinserció</subfield>
   </datafield>
   <datafield tag="653" ind2=" " ind1=" ">
      <subfield code="a">Punts d'inflexió</subfield>
   </datafield>
   <datafield tag="653" ind2=" " ind1=" ">
      <subfield code="a">Delinqüència</subfield>
   </datafield>
   <datafield tag="653" ind2=" " ind1=" ">
      <subfield code="a">Presons</subfield>
   </datafield>
   <datafield tag="653" ind2=" " ind1=" ">
      <subfield code="a">Dret penitenciari</subfield>
   </datafield>
   <datafield tag="653" ind2=" " ind1=" ">
      <subfield code="a">Execució (Dret penal)</subfield>
   </datafield>
   <datafield tag="653" ind2=" " ind1=" ">
      <subfield code="a">Delinqüents--Rehabilitació</subfield>
   </datafield>
   <datafield tag="653" ind2=" " ind1=" ">
      <subfield code="a">Llibertat condicional--Control estatal</subfield>
   </datafield>
   <datafield tag="653" ind2=" " ind1=" ">
      <subfield code="a">Desistiment</subfield>
   </datafield>
   <datafield ind2="0" ind1="0" tag="245">
      <subfield code="a">Tercer grau i reinserció: com aconsegueix el tercer grau ser un punt d'inflexió en la vida de les persones excarcerades?</subfield>
   </datafield>
</record></metadata></record></GetRecord></OAI-PMH>